000
00302nam a22001217a 4500
020
_a
8186095179
082
_a
664.02
_b
BAK/FO
100
_a
Bakshi,A
_9
233
245
_a
Food procsessin and preservation Part 1 & 2
260
_a
New Delhi ,
_b
Jagmender book Agency
_c
2023
300
_a
441
942
_c
BK
999
_c
14186
_d
14186